| 000 | 01630cam a22004457i 4500 | ||
|---|---|---|---|
| 001 | 18145532 | ||
| 003 | OSt | ||
| 005 | 20240729124159.0 | ||
| 008 | 140509s2014 gw ac bc 000 0deng d | ||
| 010 | _a 2014940420 | ||
| 015 |
_aGBB472408 _2bnb |
||
| 016 | 7 |
_a016784846 _2Uk |
|
| 020 | _a9783791349800 | ||
| 020 | _a3791349805 | ||
| 035 | _a(OCoLC)ocn890590252 | ||
| 040 |
_aOHX _beng _cOHX _erda _dNLE _dOCLCO _dJPG _dYDXCP _dOCLCQ _dVP@ _dUKMGB _dBTCTA _dBDX _dOCLCF _dDLC |
||
| 041 | 1 |
_aeng _hger |
|
| 042 | _alccopycat | ||
| 050 | 0 | 0 |
_aN7575 _b.F5613 2014 |
| 072 | 7 |
_aND _2lcco |
|
| 082 | 0 | 4 |
_a757 _223 _bFIN |
| 100 | 1 |
_aFinger, Brad, _eauthor. _9121449 |
|
| 240 | 1 | 0 |
_a50 Porträts, , die man kennen sollte. _lEnglish |
| 245 | 1 | 0 |
_a50 portraits you should know / _cBrad Finger. |
| 246 | 3 | _aFifty portraits you should know | |
| 260 |
_aLondon: _bPrestel; _c2014. |
||
| 300 |
_a141 pages : _billustrations (chiefly color), portraits (some color) ; _c25 cm |
||
| 504 | _aIncludes bibliographical references (page 140). | ||
| 650 | 0 |
_aPortraits. _9121450 |
|
| 650 | 0 |
_aPortrait painting. _9121451 |
|
| 650 | 0 |
_aArtists _vBiography. _9121452 |
|
| 650 | 7 |
_aPortrait painting. _2fast _9121451 |
|
| 650 | 7 |
_aPortraits. _2fast _9121450 |
|
| 856 | 4 | 2 |
_3Publisher description _uhttps://www.loc.gov/catdir/enhancements/fy1617/2014940420-d.html |
| 906 |
_a7 _bcbc _ccopycat _d2 _eepcn _f20 _gy-gencatlg |
||
| 942 |
_2ddc _cBK _aSADA _k757 FIN 2014 |
||
| 999 |
_c608324 _d608324 |
||